| 000 | 00502nam a2200181Ia 4500 | ||
|---|---|---|---|
| 001 | 2337 | ||
| 008 | 220630s1954 ii a g b000 u hin u | ||
| 082 | _a294.123 | ||
| 100 | _aVira, Raghu . | ||
| 245 | 0 |
_aJaiminiya-Brahmana of the Samaveda / _cRaghu Vira and Lokesh Chandra. _hTextual Documents |
|
| 250 | _a1st ed / | ||
| 260 |
_aNagpur : _bLokesh Chandra , _c1954. |
||
| 300 |
_a513p. : _bill ; _c26cm . |
||
| 653 | _aReligion-Hindu | ||
| 653 | _aSamaveda | ||
| 653 | _aG-Religion | ||
| 942 |
_2ddc _cBK |
||
| 999 |
_c2330 _d2330 |
||